000 00380nam a2200157Ia 4500
008 151213s9999 xx 000 0 und d
100 _aColir Bentley
245 _aManaging Business Project
_cColir Bentley
250 _a2nd
260 _aSingapur
_bNCC
_c2002
300 _a3270 p.
650 _aManagement
650 _aManagement
700 _aColir Bentley
999 _c2241
_d2241